000 00739nam a2200217 a 4500
005 20161118104406.0
008 140224b1998 ck ||||| |||| 00| 0 spa d
040 _aCO-BoIAVH
_cCO-BoIAVH
041 _aspa
044 _ack
090 _aLB
_b00921
110 _bInstituto de Hidrología, Meteorología y Estudios Ambientales
_944765
245 _aPosibles efectos naturales y socioeconómicos del fenómeno frío del pacífico (la niña) en Colombia en el segundo semestre de 1998 y primer semestre de 1999
260 _aBogotá
_bIDEAM
_c1998
300 _a95p.
650 _aImpacto ambiental
_944766
650 _aImpacto socioeconómico
_95365
662 _aColombia
650 _910002
_aFenómeno de la Niña
942 _cINFORME
_2z
999 _c933
_d933